Fulgores (Registro nro. 300992)

Detalles MARC
000 -ENCABEZADO
Número de control [NR] 01408nam a22002297a 4500
005 - FECHA Y HORA DE LA ÚLTIMA TRANSACCIÓN
control field 20151119110434.0
008 - DE LONGITUD FIJA DE DATOS DE ELEMENTOS - INFORMACIÓN GENERAL
Elementos de longitud fija [NR] 150827s1920 it ||||fr|||| 001 p spa d
040 ## - FUENTE DE CATALOGACION [NR]
Quien Cataloga Sandra Yazo
Quien Clasifica Sandra Yazo
041 0# - CODIGO DE IDIOMA [R]
Código de idioma para texto/pista de sonido o título separado [R] Español
082 04 - NUMERO DE CLASIFICACION DECIMAL DEWEY [R]
Número de la edición [NR] 20
Número de clasificación [R] 861
092 ## - SIGNATURA TOPOGRAFICA LOCAL
Número de clasificación local E36N016
100 1# - ASIENTO PRINCIPAL--NOMBRE PERSONAL [NR]
Nombre personal [NR] Revollo del Castillo, Enrique
ID Autoridad 71110
245 10 - MENCION DE TITULO [NR]
Título [NR] Fulgores
Mención de responsabilidad, etc. [NR] Enrique Revollo del Castillo
260 ## - PUBLICACION, DISTRIBUCION, ETC. (PIE DE IMPRENTA) [R]
Lugar de publicación, distribución, etc. [R] Turín (Italia)
Nombre del editor, distribuidor, etc. [R] Vicenzo Bona
Fecha de publicación, distribución, etc. [R] 1920
300 ## - DESCRIPCION FISICA [R]
Extensión [R] 163 páginas
Dimensiones [R] 17 x 10 cm.
500 ## - NOTA GENERAL [R]
Nota general [NR] Detalles físicos: Encuadernación flexible en cartulina. Tapas con datos de publicación impresos en dos tintas. Portada impresa en una sola tinta. Portadilla con anotación manuscrita de donación. Texto en una sola columna. Ejemplar desencuadernado
505 #0 - NOTA DE CONTENIDO CON FORMATO PREESTABLECIDO [R]
Nota de contenido con formato preestablecido [NR] Juvenilla: Semblanza ; Secretos ; Flores? ; Amor eterno ; Irma ; Endechas ; Sueños ; ¿Por qué te quiero? ; Mensaje (A un jilguero) ; Lluvia de rosas ; En un álbum ; Improvisación ; Lo último de la creación ; Fémina ; Una esperanza -- Paulo Maiora: Preludio ; Mi lira ; El soneto ; Ascensión espiritual ; Fatum ; Duda y esperanza ; Tentación ; Recogimiento ;Mi siglo ; Mi blasón ; Arrepentimiento ; Amores del alma ; Filosóficas ; Urbs et urbes ; Sursum ; Varios ; Traducciones ; Epilogo
506 ## - NOTA DE RESTRICCIONES DE ACCESO [R]
Condiciones de acceso [NR] Consulta en sala
650 #7 - ASIENTO SECUNDARIO DE MATERIA - TERMINO TEMATICO [R]
9 (RLIN) 21792
Término temático o nombre geográfico como elemento de entrada [NR] Poesía colombiana
690 ## - ASUNTO AGREGADO LOCAL DE ENTRADA - TÉRMINO TEMÁTICO (OCLC, RLIN)
9 (RLIN) 42861
Acceso temático local Literatura colombiana
942 ## - ELEMENTOS DE ENTRADA AGREGADOS (KOHA)
Sistema de clasificación LOCAL
Tipo de ítem principal el descrito en 300a Libro
Edición 1
Clasificación E36N016
Existencias
Suprimido Perdido Sistema de clasificación Dañado No prestable Tipo de ítem específico Ubicación habitual Ubicación actual Localización Fecha de creación Forma de adquisición Total préstamos Signatura topográfica Código de barras Última vez visto Ejemplar Price effective from Tipo de ítem
    LOCAL     Libro archivo Archivo Histórico Archivo Histórico Archivo histórico 27/08/2015 Donación   E37N016 L005094 27/08/2015 Ej.1 27/08/2015 Libro